[Event "Budapest FS10 FM-B"]
[Site "Budapest"]
[Date "2009.10.11"]
[Round "2.4"]
[White "Manske, Henry"]
[Black "Bense, David Balazs"]
[Result "0-1"]
[WhiteElo "1762"]
[BlackElo "1485"]
[PlyCount "42"]
[EventDate "2009.10.03"]
[EventType "tourn"]
[EventRounds "10"]
[EventCountry "HUN"]
[SourceTitle "CBM 132 Extra"]
[Source "ChessBase"]
[SourceDate "2009.11.03"]
[SourceVersion "1"]
[SourceVersionDate "2009.11.03"]
[SourceQuality "1"]

1. d4 Nf6 2. Nf3 g6 3. c4 Bg7 4. Nc3 0-0 5. e4 d6 6. Bd3 c5 7. d5 Na6 8. a3 Nc7 9. Bg5 a6 10. h4 Rb8 11. Ne2 b5 12. cxb5 Nxb5 13. Qd2 Bd7 14. Bxf6 Bxf6 15. h5 Bg7 16. hxg6 fxg6 17. Nf4 Nd4 18. Nxd4 Bxd4 19. f3 Rxb2 20. Qc1 Qa5+ 21. Kd1 Ba4+ 0-1

[Event "Berlin Lichtenrade op 03rd"]
[Site "Berlin"]
[Date "2007.04.14"]
[Round "8"]
[White "Koenig, Frank"]
[Black "Manske, Henry"]
[Result "1-0"]
[WhiteElo "2014"]
[BlackElo "1801"]
[PlyCount "83"]
[EventDate "2007.04.07"]
[EventType "swiss"]
[EventRounds "9"]
[EventCountry "GER"]
[SourceTitle "EXT 2008"]
[Source "ChessBase"]
[SourceDate "2007.11.25"]
[SourceVersion "1"]
[SourceVersionDate "2007.11.25"]
[SourceQuality "1"]

1. Nf3 Nf6 2. g3 b6 3. Bg2 Bb7 4. 0-0 e6 5. d3 c5 6. e4 d6 7. Nbd2 Be7 8. Nc4 Nc6 9. a4 0-0 10. Re1 d5 11. exd5 Nxd5 12. c3 Bf6 13. Ne3 Nxe3 14. Bxe3 Ne7 15. d4 cxd4 16. Bxd4 Nf5 17. Be5 Bxe5 18. Nxe5 Bxg2 19. Kxg2 Qc7 20. Qf3 Rac8 21. Rad1 Rfd8 22. Rxd8+ Rxd8 23. Qe4 Ne7 24. Re3 Nd5 25. Rf3 Nf6 26. Qe2 Rd5 27. Nc4 h6 28. Na3 Qc6 29. b3 Rf5 30. Nb5 e5 31. Nxa7 Qa8 32. Nb5 Qc6 33. c4 h5 34. Nc3 g5 35. Nd5 Nxd5 36. cxd5 Qxd5 37. Qd3 e4 38. Qxd5 exf3+ 39. Qxf3 Rxf3 40. Kxf3 f5 41. b4 Kf7 42. a5 1-0

[Event "Berlin Lichtenberger op 6th"]
[Site "Berlin"]
[Date "2007.??.??"]
[Round "?"]
[White "Fischer, Andre"]
[Black "Manske, Henry"]
[Result "1/2-1/2"]
[WhiteElo "2169"]
[BlackElo "1808"]
[PlyCount "130"]
[EventDate "2007.08.18"]
[EventType "swiss"]
[EventRounds "9"]
[EventCountry "GER"]
[SourceTitle "CBM 120 Extra"]
[Source "ChessBase"]
[SourceDate "2007.11.01"]
[SourceVersion "1"]
[SourceVersionDate "2007.11.01"]
[SourceQuality "1"]

1. e4 e5 2. Nf3 Nc6 3. Bb5 a6 4. Ba4 Nf6 5. 0-0 b5 6. Bb3 Bc5 7. c3 0-0 8. d4 exd4 9. cxd4 Be7 10. Re1 d6 11. h3 Na5 12. Bc2 Bb7 13. Bf4 Nh5 14. Bh2 g6 15. Nbd2 Nc6 16. a3 Nb8 17. Nf1 Nd7 18. Qd2 Re8 19. Rad1 Nb6 20. Bd3 c5 21. Qe2 c4 22. Bc2 Bf8 23. Qd2 Bc8 24. g4 Ng7 25. Qf4 Ne6 26. Qg3 Ra7 27. d5 Ng5 28. Nd4 Bb7 29. f4 Nxe4 30. Bxe4 Nxd5 31. Bxd5 Bxd5 32. Rxe8 Qxe8 33. Re1 Re7 34. Rxe7 Qxe7 35. Qe3 Qb7 36. Nd2 Qa8 37. Bg3 h6 38. Bf2 Bg7 39. Qg3 Qe8 40. N2f3 Qe4 41. Qh2 Bxd4 42. Bxd4 Qxf3 43. Bc3 Qd1+ 44. Kf2 Qc2+ 45. Kg1 Qxh2+ 46. Kxh2 Be4 47. Kg3 f5 48. gxf5 Bxf5 49. h4 h5 50. Kf3 Kf7 51. Ke3 Ke6 52. Bb4 d5 53. Bc3 Be4 54. Bb4 Kf5 55. Be7 Ke6 56. Bg5 Kd7 57. Kd4 a5 58. Kc5 b4 59. axb4 axb4 60. Kxb4 Kc6 61. Kc3 Kd6 62. Kd4 Ke6 63. Kc3 Kf5 64. Kd4 Kg4 65. Kc3 Kf3 1/2-1/2